Statistics for Warrior Cats Names '-fur'

Click here to take the quiz!

General Stats

  • This quiz has been taken 233 times
  • The average score is 10 of 49

Answer Stats

ClanName% Correct
ThunderClanBluefur
78%
ThunderClanSnowfur
66%
ThunderClanBrackenfur
54%
ShadowClanAshfur
49%
ThunderClanMousefur
47%
RiverClanStonefur
41%
RiverClanStormfur
40%
ThunderClanFrostfur
32%
ShadowClanOakfur
32%
ShadowClanCinderfur
30%
RiverClanLeopardfur
27%
RiverClanMudfur
24%
SkyClanRainfur
24%
ThunderClanRainfur
24%
WindClanCrowfur
22%
ThunderClanSootfur
22%
ShadowClanRussetfur
21%
ShadowClanApplefur
20%
WindClanGorsefur
18%
SkyClanNightfur
18%
RiverClanPetalfur
18%
RiverClanDuskfur
17%
RiverClanMintfur
17%
SkyClanMintfur
17%
RiverClanPinefur
17%
WindClanHawkfur
15%
ThunderClanRabbitfur
15%
RiverClanBeechfur
13%
ThunderClanBeechfur
13%
RiverClanOwlfur
13%
WindClanTawnyfur
13%
ShadowClanKinkfur
12%
SkyClanRowanfur
12%
ShadowClanLilyfur
11%
WindClanMilkfur
11%
RiverClanMilkfur
11%
SkyClanSquirrelfur
10%
RiverClanTimberfur
10%
WindClanWeaselfur
10%
SkyClanLichenfur
9%
ShadowClanScorchfur
9%
ShadowClanSloefur
9%
ShadowClanSpikefur
9%
ShadowClanWildfur
9%
ShadowClanLogfur
8%
WindClanBoulderfur
7%
ShadowClanStoatfur
6%
SkyClanStoatfur
6%
RiverClanTanglefur
5%

Score Distribution

Percentile by Number Answered

Percent of People with Each Score

Your Score History

You have not taken this quiz